000 00281nam a22001337a 4500
008 170210b xxu||||| |||| 00| 0 eng d
020 _a9780838584446
041 _aeng
080 _28ED
_a61
100 _a4
101 _aSHM
245 _aNCLEX RN
_cSANDRA SMITH
942 _2udc
_cBK
999 _c5110
_d5110